Cá nức ngọt Việt Nam/ T.2: lớp cá sụn và bốn liên bộ của nhóm cá xương.
.
Đã lưu trong:
| Tác giả chính: | |
|---|---|
| Định dạng: | Sách |
| Năm xuất bản: |
H.:
Nông nghiệp,
2005.-
|
| Chủ đề: | |
| Tags: |
Thêm thẻ
Không có thẻ, Hãy là người đầu tiên gắn thẻ bản ghi này!
|
| LEADER | 01314nam a2200193 4500 | ||
|---|---|---|---|
| 082 | |a 597.4 |b NG 527 V | ||
| 100 | |a Nguyễn Văn Hảo | ||
| 245 | |a Cá nức ngọt Việt Nam/ |c Nguyễn Văn Hảo |n T.2: |p lớp cá sụn và bốn liên bộ của nhóm cá xương. | ||
| 260 | |a H.: |b Nông nghiệp, |c 2005.- | ||
| 300 | |a 760tr.; |c 27cm | ||
| 520 | |a . | ||
| 653 | |a Động vật%Động vật có xương sống%Cá nước ngọt%Việt Nam%Cá sụn%Cá trích%Cá chép | ||
| 942 | |2 ddc |c STK0 | ||
| 999 | |c 6128 |d 6128 | ||
| 952 | |0 0 |1 0 |2 ddc |4 0 |6 597_400000000000000_NG_527_V |7 0 |8 500 |9 55969 |a qbu |b qbu |c D3 |d 2015-01-15 |g 318000 |o 597.4 NG 527 V |p 6369.C1 |r 0000-00-00 |w 2015-01-15 |y STK0 | ||
| 952 | |0 0 |1 0 |2 ddc |4 0 |6 597_400000000000000_NG_527_V |7 0 |8 500 |9 55970 |a qbu |b qbu |c D3 |d 2015-01-15 |g 318000 |o 597.4 NG 527 V |p 6369.C2 |r 0000-00-00 |w 2015-01-15 |y STK0 | ||
| 952 | |0 0 |1 0 |2 ddc |4 0 |6 597_400000000000000_NG_527_V |7 0 |8 500 |9 55971 |a qbu |b qbu |c D3 |d 2015-01-15 |g 318000 |o 597.4 NG 527 V |p 6369.C3 |r 0000-00-00 |w 2015-01-15 |y STK0 | ||
| 952 | |0 0 |1 0 |2 ddc |4 0 |6 597_400000000000000_NG_527_V |7 0 |8 500 |9 55972 |a qbu |b qbu |c D3 |d 2015-01-15 |g 318000 |o 597.4 NG 527 V |p 6369.C4 |r 0000-00-00 |w 2015-01-15 |y STK0 | ||
| 952 | |0 0 |1 0 |2 ddc |4 0 |6 597_400000000000000_NG_527_V |7 0 |8 500 |9 55973 |a qbu |b qbu |c D3 |d 2015-01-15 |g 318000 |o 597.4 NG 527 V |p 6369.C5 |r 0000-00-00 |w 2015-01-15 |y STK0 | ||